| 000 | 01379nam a22002655i 4500 | ||
|---|---|---|---|
| 001 | 161054 | ||
| 003 | ES-MaACL | ||
| 005 | 20251012174132.0 | ||
| 008 | 041008s1846 sp |||| | spa d | ||
| 080 | _a347.65(460.187 S.) | ||
| 100 | 1 |
_aOrense, Casimiro de. _9130682 |
|
| 245 | 1 | 0 | _aCompendio de la defensa verbal que pronuncia el Lic. D. Casimiro de Orense para obtener la propiedad del mayorazgo de segundos instituido en la ciudad de Salamanca en 1781 por la Marquesa de Cerralbo... María Manuela Motezuma, con poder de su hijo único... Francisco Ventura de Orense, conde de Villalobos... |
| 260 |
_a[Valladolid : _bs.n., _c1846] |
||
| 300 |
_a5-33 p., 1 h. ; _c26 cm. |
||
| 594 | _aTít. y autor tomados de principio del texto. | ||
| 594 | _aPrecede al tít.: Año de 1846. Sala 1ª de la Audiencia Territorial de Valladolid. | ||
| 596 | _aTexto fechado en 1846. | ||
| 597 | _aPág. 1 a 4 encuadernadas entre las p. VIII-IX de la primera obra del v. | ||
| 650 | 4 |
_aMayorazgo- _zSalamanca. _9152789 |
|
| 700 | 1 |
_aCerralbo, María Manuela Motezuma, _cCondesa de _9126423 |
|
| 700 | 1 |
_aVillalobos, Francisco Ventura de Orense, _cConde de _9133740 |
|
| 710 | 1 |
_aEspaña. _bAudiencia Territorial de Valladolid. _9175981 |
|
| 852 | 4 |
_aES-MaACL _jT-49-F-2 _z- Enc. hol., falto de cub. original _z- Enc. en un vol. facticio |
|
| 999 |
_c161054 _d161054 |
||